00636nam a2200193Ia 4500003000900000008004100009020002200050040001600072080001500088100002100103245012300124250001200247260003200259300001400291490004900305650004300354650001200397650003300409IN-BaIIA211028s9999 xx 000 0 eng d a978-3-319-03169-9 cIIA Library a524.4bFIN aFinlay, Warren H 0aConcise catalog of deep-sky objectsbastrophysical information for 550 galaxies, clusters and nebulaecWarren H Finlay a2nd ed. aSwitzerlandbSpringerc2014 axi, 441p. aThe Patrick Moore Practical Astronomy Series aAstronomy, observations and techniques aPhysics aPopular science in astronomy